Πολιτική και διακυβέρνηση στην Ευρωπαϊκή Ένωση : ιστορία-θεσμοί-πολιτικές
Αποθηκεύτηκε σε:
| Κύριος συγγραφέας: | |
|---|---|
| Άλλοι συγγραφείς: | , |
| Μορφή: | Βιβλίο |
| Γλώσσα: | Greek English |
| Δημοσίευση: |
Αθήνα :
Σαββάλας,
2012, c2010.
|
| Έκδοση: | 3η αναθ. έκδ. |
| Σειρά: | Κοινωνικές επιστήμες (Εκδόσεις Σαββάλας)
|
| Θέματα: | |
| Ετικέτες: |
Προσθήκη ετικέτας
Δεν υπάρχουν, Καταχωρήστε ετικέτα πρώτοι!
|
MARC
| LEADER | 00000cam a2200000 a 4500 | ||
|---|---|---|---|
| 001 | 1/114406 | ||
| 008 | 150113r20122010gr | ||| |||| ||gre|| | ||
| 020 | |a 9789604931682 | ||
| 035 | |l 10120357 | ||
| 040 | |a GR-MyUa |b gre |c GR-MyUa |e AACR2 | ||
| 041 | 1 | |a gre |h eng | |
| 082 | 7 | |a 341.242 |2 (23) | |
| 100 | 1 | |a Nugent, Neill. | |
| 245 | 1 | 0 | |a Πολιτική και διακυβέρνηση στην Ευρωπαϊκή Ένωση : |b ιστορία-θεσμοί-πολιτικές / |c Neill Nugent ; επιμέλεια-επίμετρο Μαρία Μενδρινού ; μετάφραση Ιουλία Τσολακίδου. |
| 250 | |a 3η αναθ. έκδ. | ||
| 260 | |a Αθήνα : |b Σαββάλας, |c 2012, c2010. | ||
| 300 | |a 677 σ. : |b διαγρ., πίν. ; |c 24 εκ. | ||
| 490 | 1 | |a (Κοινωνικές επιστήμες = |a Social sciences / Σαββάλας) | |
| 500 | |a Το παράρτημα Χίου διαθέτει την επανέκδοση του 2012. | ||
| 500 | |a Τίτλος πρωτοτύπου: The government and politics of the European Union, 7th ed. | ||
| 504 | |a Βιβλιογραφία: σ. 653-667. Ευρετήριο. | ||
| 610 | 2 | 0 | |a European Union |x Politics and government. |
| 700 | 1 | |a Μενδρινού, Μαρία, |e edtf | |
| 700 | 1 | |a Τσολακίδου, Ιουλία, |e trlf | |
| 830 | 0 | |a Κοινωνικές επιστήμες (Εκδόσεις Σαββάλας) | |
| 852 | |a INST |b CHIOS |c EUDOXUS |e 20150113 |h 341.242 NUG |p 005200035767 |q 005200035767 |t EDX |y 10 | ||
| 852 | |a INST |b CHIOS |c EUDOXUS |e 20160418 |h 341.242 NUG |p 005200037243 |q 005200037243 |t EDX |y 0 | ||
| 852 | |a INST |b CHIOS |c EUDOXUS |e 20151106 |h 341.242 NUG |p 005200037331 |q 005200037331 |t EDX |y 0 | ||
| 852 | |a INST |b CHIOS |c EUDOXUS |e 20150825 |h 341.242 NUG |p 005200037604 |q 005200037604 |t EDX |y 0 | ||
| 852 | |a INST |b CHIOS |c EUDOXUS |e 20150824 |h 341.242 NUG |p 005200037620 |q 005200037620 |t EDX |y 0 | ||
| 852 | |a INST |b LESVOS |c EUDOXUS |e 20170705 |h 341.242 NUG |p 005100059665 |q 005100059665 |t EDX |y 0 | ||
| 920 | |a Εύδοξος |b Παραγγελία |y Λέσβος-ΤΚ |z 2017-05 | ||
| 920 | |a Εύδοξος |b Επιστροφή |y Χίος |z 2016-04 | ||
| 920 | |a Εύδοξος |b Επιστροφή |y Χίος |z 2016-04 | ||
| 920 | |a Εύδοξος |b Παραγγελία |y Χίος |z 2014-12 | ||
| 920 | |a Εύδοξος |b Επιστροφή |y Χίος |z 2015-04 | ||
| 920 | |a Εύδοξος |b Επιστροφή |y Χίος |z 2015-10 | ||
| 970 | |a Σπέντζα |b Ελένη |z 13-01-2015 | ||